Colleges of 2019-20 NBA starters - Statistics

General Stats
  • This quiz has been taken 123 times
  • The average score is 116 of 150
Answer Stats
Atlanta Hawks % Correct
Brooklyn Nets Caris LeVert Michigan
100%
Boston Celtics Jayson Tatum Duke
99%
Brooklyn Nets Kyrie Irving Duke
99%
Chicago Bulls Wendell Carter Jr. Duke
99%
Miami Heat Justice Winslow Duke
99%
New Orleans Pelicans Brandon Ingram Duke
99%
New Orleans Pelicans Zion Williamson Duke
99%
New York Knicks RJ Barrett Duke
99%
Portland Trail Blazers Rodney Hood Duke
99%
Sacramento Kings Marvin Bagley III Duke
99%
Chicago Bulls Zach LaVine UCLA
99%
Cleveland Cavaliers Kevin Love UCLA
99%
Golden State Warriors Kevon Looney UCLA
99%
Houston Rockets Russell Westbrook UCLA
99%
Memphis Grizzlies Kyle Anderson UCLA
99%
New Orleans Pelicans Lonzo Ball UCLA
99%
New Orleans Pelicans Jrue Holiday UCLA
99%
Minnesota Timberwolves Andrew Wiggins Kansas
98%
New York Knicks Marcus Morris Kansas
98%
Philadelphia 76ers Joel Embiid Kansas
98%
Phoenix Suns Kelly Oubre Jr. Kansas
98%
Charlotte Hornets PJ Washington Kentucky
98%
Cleveland Cavaliers Brandon Knight Kentucky
98%
Denver Nuggets Jamal Murray Kentucky
98%
Los Angeles Lakers Rajon Rondo Kentucky
98%
Los Angeles Lakers Anthony Davis Kentucky
98%
Miami Heat Tyler Herro Kentucky
98%
Miami Heat Bam Adebayo Kentucky
98%
Milwaukee Bucks Eric Bledsoe Kentucky
98%
Minnesota Timberwolves Karl-Anthony Towns Kentucky
98%
New York Knicks Julius Randle Kentucky
98%
Oklahoma City Thunder Shai Gilgeous-Alexander Kentucky
98%
Phoenix Suns Devin Booker Kentucky
98%
Sacramento Kings De'Aaron Fox Kentucky
98%
Chicago Bulls Lauri Markkanen Arizona
96%
Orlando Magic Aaron Gordon Arizona
96%
Phoenix Suns Deandre Ayton Arizona
96%
Boston Celtics Kemba Walker Connecticut
96%
Detroit Pistons Andre Drummond Connecticut
96%
Charlotte Hornets Miles Bridges Michigan State
96%
Denver Nuggets Gary Harris Michigan State
96%
Golden State Warriors Draymond Green Michigan State
96%
Memphis Grizzlies Jaren Jackson Jr. Michigan State
96%
San Antonio Spurs Bryn Forbes Michigan State
96%
Atlanta Hawks Trae Young Oklahoma
96%
Detroit Pistons Blake Griffin Oklahoma
96%
Sacramento Kings Buddy Hield Oklahoma
96%
Philadelphia 76ers Al Horford Florida
95%
Washington Wizards Bradley Beal Florida
95%
Houston Rockets James Harden Arizona State
94%
Philadelphia 76ers Ben Simmons LSU
94%
Brooklyn Nets Jarrett Allen Texas
94%
Cleveland Cavaliers Tristan Thompson Texas
94%
Houston Rockets P.J. Tucker Texas
94%
Indiana Pacers Myles Turner Texas
94%
Orlando Magic D.J. Augustine Texas
94%
San Antonio Spurs LaMarcus Aldridge Texas
94%
Golden State Warriors D'Angelo Russell Ohio State
93%
Utah Jazz Mike Conley Ohio State
93%
Orlando Magic Nikola Vucevic USC
93%
Sacramento Kings Dewaye Dedmon USC
93%
San Antonio Spurs DeMar DeRozan USC
93%
Dallas Mavericks Justin Jackson North Carolina
91%
Los Angeles Lakers Danny Green North Carolina
91%
Sacramento Kings Harrison Barnes North Carolina
91%
Atlanta Hawks De'Andre Hunter Virginia
91%
Brooklyn Nets Joe Harris Virginia
91%
Indiana Pacers Malcolm Brogdon Virginia
91%
San Antonio Spurs Dejounte Murray Washington
91%
Golden State Warriors Stephen Curry Davidson
90%
Indiana Pacers Damontas Sabonis Gonzaga
89%
Miami Heat Kelly Olynyk Gonzaga
89%
Portland Trail Blazers Zach Collins Gonzaga
89%
Washington Wizards Rui Hachimura Gonzaga
89%
Los Angeles Clippers Kawhi Leonard San Diego State
89%
Atlanta Hawks John Collins Wake Forest
89%
Minnesota Timberwolves Jeff Teague Wake Forest
89%
Oklahoma City Thunder Chris Paul Wake Forest
89%
Washington Wizards Ish Smith Wake Forest
89%
Cleveland Cavaliers Collin Sexton Alabama
88%
Charlotte Hornets Dwayne Bacon Florida State
88%
Orlando Magic Jonathan Isaac Florida State
88%
Charlotte Hornets Cody Zeller Indiana
88%
Houston Rockets Eric Gordon Indiana
88%
Indiana Pacers Victor Oladipo Indiana
88%
Toronto Raptors OG Anunoby Indiana
88%
Washington Wizards Thomas Bryant Indiana
88%
Boston Celtics Jaylen Brown California
86%
Memphis Grizzlies Dillon Brooks Oregon
86%
Golden State Warriors Klay Thompson Washington State
86%
Boston Celtics Gordon Hayward Butler
85%
Charlotte Hornets Terry Rozier Louisville
84%
Utah Jazz Donovan Mitchell Louisville
84%
Miami Heat Jimmy Butler Marquette
84%
Milwaukee Bucks Wesley Matthews Marquette
84%
Philadelphia 76ers Josh Richardson Tennessee
84%
Philadelphia 76ers Tobias Harris Tennessee
84%
Toronto Raptors Kyle Lowry Villanova
84%
Milwaukee Bucks Khris Middleton Texas A&M
83%
Portland Trail Blazers Damian Lillard Weber State
80%
Memphis Grizzlies Ja Morant Murray State
79%
Dallas Mavericks Dwight Powell Stanford
79%
Milwaukee Bucks Brook Lopez Stanford
79%
Los Angeles Clippers Paul George Fresno State
78%
Indiana Pacers T.J. Warren NC State
78%
New York Knicks Dennis Smith Jr. NC State
78%
Detroit Pistons Tony Snell New Mexico
78%
Oklahoma City Thunder Steven Adams Pittsburgh
75%
Brooklyn Nets Taurean Prince Baylor
74%
Utah Jazz Royce O'Neale Baylor
74%
Atlanta Hawks Kevin Huerter Maryland
70%
Atlanta Hawks Alex Len Maryland
70%
Minnesota Timberwolves Jake Layman Maryland
70%
Toronto Raptors Pascal Siakam New Mexico State
70%
Portland Trail Blazers C.J. McCollum Lehigh
69%
Dallas Mavericks Delon Wright Utah
64%
San Antonio Spurs Jakob Poeltl Utah
64%
Los Angeles Clippers Patrick Beverley Arkansas
63%
Chicago Bulls Otto Porter Jr. Georgetown
63%
Los Angeles Clippers Landry Shamet Wichita State
63%
Toronto Raptors Fred VanVleet Wichita State
63%
New Orleans Pelicans Derrick Favors Georgia Tech
62%
Oklahoma City Thunder Andre Roberson Colorado
52%
Detroit Pistons Bruce Brown Miami
51%
Detroit Pistons Reggie Jackson Boston College
48%
Portland Trail Blazers Hassan Whiteside Marshall
43%
Minnesota Timberwolves Robert Covington Tennessee State
38%
Denver Nuggets Will Barton Memphis
37%
Denver Nuggets Paul Millsap Louisiana Tech
28%
Boston Celtics Daniel Theis None
20%
Chicago Bulls Tomas Satoransky None
20%
Cleveland Cavaliers Cedi Osman None
20%
Dallas Mavericks Luka Doncic None
20%
Dallas Mavericks Kristaps Porzingis None
20%
Denver Nuggets Nikola Jokic None
20%
Houston Rockets Clint Capela None
20%
Los Angeles Clippers Ivica Zubac None
20%
Los Angeles Lakers LeBron James None
20%
Los Angeles Lakers Dwight Howard None
20%
Memphis Grizzlies Jonas Valanciunas None
20%
Milwaukee Bucks Giannis Antetokounmpo None
20%
New York Knicks Mitchell Robinson None
20%
Oklahoma City Thunder Danilo Gallinari None
20%
Orlando Magic Evan Fournier None
20%
Phoenix Suns Ricky Rubio None
20%
Phoenix Suns Dario Saric None
20%
Toronto Raptors Marc Gasol None
20%
Utah Jazz Bojan Bogdanovic None
20%
Utah Jazz Rudy Gobert None
20%
Washington Wizards CJ Miles None
20%
No matching quizzes found
Score Distribution
Percent of People with Each Score
Percentile by Number Answered
Your Score History
You have not taken this quiz